书目信息 |
| 题名: |
统计学原理 修订本
|
|
| 作者: | 吴可杰 著 | |
| 分册: | ||
| 出版信息: | 南京 南京大学出版社 1999.02 |
|
| 页数: | 386页 | |
| 开本: | 32开 | |
| 丛书名: | ||
| 单 册: | ||
| 中图分类: | F222-43 | |
| 科图分类: | ||
| 主题词: | 经济--计算 , 经济数学--方法 | |
| 电子资源: | ||
| ISBN: | 7-305-00180-5 | |
| 000 | 00582nam0 2200205 45 | |
| 001 | 0009090904 | |
| 005 | 20010314095736.5 | |
| 010 | @a7-305-00180-5@d16.00元 | |
| 100 | @a20000909d1999 km y0chiy0120 ea | |
| 101 | 0 | @achi |
| 105 | @a z 000yy | |
| 200 | 1 | @a统计学原理 修订本@ATong Ji Xue Yuan Li Xiu Ding Ben@f吴可杰著@FWu Ke Jie Zhu |
| 210 | @a南京@c南京大学出版社@d1999.02 | |
| 215 | @a386页@d32开 | |
| 606 | 0 | @a经济@x计算 |
| 606 | 0 | @a经济数学@x方法 |
| 690 | @aF222-43@v3 | |
| 701 | 0 | @a吴可杰@4著 |
| 801 | @aCN@bPftUser@c20000909 | |
| 905 | @dF222-43@eW348@b328409-411@f3 | |
| 统计学原理 修订本/吴可杰著.-南京:南京大学出版社,1999.02 |
| 386页;32开 |
| ISBN 7-305-00180-5:16.00元 |
| ● |
| 相关链接 |
|
|
|
正题名:统计学原理修订本
索取号:F222-43/W348
 
预约/预借
| 序号 | 登录号 | 条形码 | 馆藏地/架位号 | 状态 | 备注 |
| 1 | 328409 | 203284098 | 社科二线422/409社科库 72排2列4层/ [索取号:F222-43/W348] | 在馆 | |
| 2 | 328410 | 203284105 | 社科二线422/409社科库 72排2列4层/ [索取号:F222-43/W348] | 在馆 | |
| 3 | 328411 | 203284114 | 社科库409/409社科库 72排3列3层/ [索取号:F222-43/W348] | 在馆 |